00489nam a2200145Ia 4500008004100000020001800041050002500059100002800084245006100112250001200173260005600185300003400241500006100275521000700336140609s9999 xx 000 0 und d a9781133589822 aHQ 767.9b.C436 2014 aCharlesworth, Rosalind. aUnderstanding child development /cRosalind Charlesworth a9th ed. aBelmont, CA :bWadsworth, Cengage Learning,cc2014. a557 p. :bcol. ill. ;c28 cm. aIncludes glossary, bibliographical references and index. aGE